[Event "EYCC Open U14 2018"]
[Site "Riga"]
[Date "2018.08.20"]
[Round "1"]
[White "Mutovin, Egor"]
[Black "Kacharava, Nikolozi"]
[Result "0-1"]
[WhiteElo "1958"]
[BlackElo "2361"]
[Annotator "NA"]
[PlyCount "76"]
[EventDate "2018.08.20"]
[EventType "swiss"]
[EventCountry "LAT"]
[SourceTitle "playchess.com"]
[Source "ChessBase"]
[SourceQuality "1"]
[TimeControl "40/5400+30:1800+30"]

1. d4 {[%emt 0:00:00]} d6 {[%emt 0:00:00]} 2. Nf3 {[%emt 0:00:00]} Nf6 {[%emt 0:00:00]} 3. c4 {[%emt 0:00:07]} g6 {[%emt 0:00:06]} 4. Nc3 {[%emt 0:00:09]} Bf5 {[%emt 0:00:21] LiveBook: 971 Partien} 5. g3 {[%emt 0:03:06]} Ne4 {[%emt 0:00:32]} 6. Nxe4 {[%emt 0:01:41]} Bxe4 {[%emt 0:00:07]} 7. Bg2 {[%emt 0:00:04]} Bg7 {[%emt 0:00:37]} 8. O-O {[%emt 0:00:09]} O-O {[%emt 0:00:48]} 9. Qb3 {[%emt 0:03:51]} b6 {[%emt 0:06:25]} 10. Qe3 {[%emt 0:05:46]} Bb7 {[%emt 0:07:05]} 11. d5 $11 {[%emt 0:00:12]} Nd7 {[%emt 0:06:33]} 12. Nd4 {[%emt 0:01:34]} Ne5 {[%emt 0:02:10]} 13. b3 {[%emt 0:03:22]} e6 {[%emt 0:04:24]} 14. Bb2 {[%emt 0:02:15]} exd5 {[%emt 0:02:47]} 15. cxd5 {[%emt 0:00:15]} Nd7 {[%emt 0:06:36]} 16. Rac1 {[%emt 0:12:35]} Re8 {[%emt 0:05:04]} 17. Qd2 {[%emt 0:00:25]} Nc5 {[%emt 0:01:41]} 18. Qc2 {[%emt 0:11:12]} a5 {[%emt 0:02:02]} 19. a3 {[%emt 0:00:57]} Qg5 {[%emt 0:17:02]} 20. b4 {[%emt 0:10:53]} axb4 {[%emt 0:01:23]} 21. axb4 {[%emt 0:00:27]} Bxd5 {[%emt 0:03:58]} 22. Bxd5 {[%emt 0:10:43]} Qxd5 {[%emt 0:03:55]} 23. bxc5 {[%emt 0:00:20]} Bxd4 {[%emt 0:01:37]} 24. Rfd1 {[%emt 0:00:48]} bxc5 {[%emt 0:01:54]} 25. e3 {[%emt 0:00:15]} Qf3 {[%emt 0:01:00]} 26. Bxd4 {[%emt 0:02:56]} cxd4 {[%emt 0:00:11]} 27. Rxd4 {[%emt 0:00:04]} Ra7 {[%emt 0:01:50]} 28. Qc6 {[%emt 0:00:32]} Rxe3 {[%emt 0:02:23]} 29. Qd7 {[%emt 0:21:30]} Rd3 {[%emt 0:02:37]} 30. Rf4 {[%emt 0:07:39]} Rd1+ {[%emt 0:00:07]} 31. Rxd1 {[%emt 0:00:03]} Qxd1+ {[%emt 0:00:07]} 32. Kg2 {[%emt 0:00:01]} Qd5+ {[%emt 0:00:09]} 33. Rf3 {[%emt 0:00:17]} Kg7 {[%emt 0:03:47]} 34. Qd8 {[%emt 0:01:30]} Ra8 {[%emt 0:00:42]} 35. Qf6+ {[%emt 0:01:13]} Kg8 {[%emt 0:00:06]} 36. Qe7 {[%emt 0:00:32]} c5 {[%emt 0:00:50]} 37. h4 {[%emt 0:00:31]} h5 {[%emt 0:00:20]} 38. Qf6 {[%emt 0:00:34]} Ra3 {[%emt 0:00:22]} 0-1

[Event "EYCC Open U14 2018"]
[Site "Riga"]
[Date "2018.08.20"]
[Round "1"]
[White "Redzisz, Michal"]
[Black "Gines Esteo, Pedro Antonio"]
[Result "1/2-1/2"]
[WhiteElo "1947"]
[BlackElo "2336"]
[Annotator "NA"]
[PlyCount "115"]
[EventDate "2018.08.20"]
[EventType "swiss"]
[EventCountry "LAT"]
[SourceTitle "playchess.com"]
[Source "ChessBase"]
[SourceQuality "1"]
[TimeControl "40/5400+30:1800+30"]

1. e4 {[%emt 0:00:00]} c6 {[%emt 0:00:16]} 2. d4 {[%emt 0:00:00]} d5 {[%emt 0:00:11]} 3. exd5 {[%emt 0:00:00]} cxd5 {[%emt 0:00:09]} 4. Bd3 {[%emt 0:00:00]} Nc6 {[%emt 0:00:07]} 5. c3 {[%emt 0:00:02]} Nf6 {[%emt 0:00:44]} 6. Bf4 {[%emt 0:00:05]} Bg4 {[%emt 0:01:18]} 7. Qb3 {[%emt 0:00:08]} Qd7 {[%emt 0:00:05]} 8. Nd2 {[%emt 0:01:07]} e6 {[%emt 0:00:16]} 9. Ngf3 {[%emt 0:00:16]} Bd6 {[%emt 0:01:26]} 10. Bxd6 {[%emt 0:01:18]} Qxd6 {[%emt 0:00:09]} 11. O-O {[%emt 0:09:24]} O-O {[%emt 0:00:35]} 12. Rfe1 {[%emt 0:01:00]} Nd7 $14 {[%emt 0:24:00]} 13. Qc2 {[%emt 0:10:33]} h6 {[%emt 0:04:12]} 14. h3 {[%emt 0:00:27]} Bxf3 {[%emt 0:01:15]} 15. Nxf3 {[%emt 0:01:55]} Rab8 {[%emt 0:02:44]} 16. Qe2 {[%emt 0:02:17]} Rfc8 {[%emt 0:04:09]} 17. Ne5 {[%emt 0:02:48]} Ncxe5 {[%emt 0:02:06]} 18. dxe5 {[%emt 0:00:06]} Qc5 {[%emt 0:01:08]} 19. Qg4 {[%emt 0:02:17]} b5 {[%emt 0:27:33]} 20. Re3 {[%emt 0:01:45]} b4 {[%emt 0:06:33]} 21. Rg3 {[%emt 0:08:07]} Qf8 {[%emt 0:00:08]} 22. Qh5 {[%emt 0:01:28]} bxc3 {[%emt 0:12:19]} 23. bxc3 {[%emt 0:02:04]} Nc5 {[%emt 0:01:17]} 24. Bb1 {[%emt 0:09:52]} Kh8 {[%emt 0:02:02]} 25. Rf3 {[%emt 0:01:10]} Rc7 {[%emt 0:00:14]} 26. g4 {[%emt 0:03:59]} Qe7 {[%emt 0:04:45]} 27. h4 {[%emt 0:02:04]} Rb2 {[%emt 0:02:11]} 28. g5 {[%emt 0:01:29]} Rcb7 {[%emt 0:00:34]} 29. Kg2 {[%emt 0:07:04]} Ne4 {[%emt 0:01:27]} 30. Bxe4 {[%emt 0:02:09]} dxe4 {[%emt 0:00:01]} 31. Rf4 {[%emt 0:02:43]} e3 {[%emt 0:01:03]} 32. gxh6 {[%emt 0:09:34]} Rxf2+ {[%emt 0:00:17]} 33. Rxf2 {[%emt 0:00:06]} exf2 {[%emt 0:00:02]} 34. hxg7+ {[%emt 0:00:59]} Kxg7 {[%emt 0:00:02]} 35. Qg4+ {[%emt 0:03:06]} Kf8 {[%emt 0:00:01]} 36. Kxf2 {[%emt 0:01:06]} Rb2+ {[%emt 0:01:34]} 37. Ke3 {[%emt 0:03:13]} Qc7 {[%emt 0:00:45]} 38. Qd4 {[%emt 0:02:18]} Rb5 {[%emt 0:00:37]} 39. Qd6+ {[%emt 0:10:13]} Qxd6 {[%emt 0:00:02]} 40. exd6 {[%emt 0:00:00]} Rd5 {[%emt 0:00:00]} 41. c4 {[%emt 0:03:04]} Rxd6 {[%emt 0:02:38]} 42. c5 {[%emt 0:00:24]} Rd5 {[%emt 0:15:17]} 43. Rc1 {[%emt 0:00:09]} Ke7 {[%emt 0:00:33]} 44. c6 {[%emt 0:02:27]} Kd8 {[%emt 0:00:49]} 45. c7+ {[%emt 0:00:28]} Kc8 {[%emt 0:00:01]} 46. Rc4 {[%emt 0:01:04]} Rh5 {[%emt 0:04:19]} 47. Kf3 {[%emt 0:03:18]} f5 {[%emt 0:00:20]} 48. Kg3 {[%emt 0:02:56]} Rh7 {[%emt 0:05:32]} 49. Rc5 {[%emt 0:05:30]} Rg7+ {[%emt 0:02:15]} 50. Kf4 {[%emt 0:07:25]} Rg4+ {[%emt 0:02:14]} 51. Ke5 {[%emt 0:00:03]} Re4+ {[%emt 0:01:50]} 52. Kd6 {[%emt 0:00:14]} Rxh4 {[%emt 0:01:07]} 53. Kxe6 {[%emt 0:00:08]} Rh6+ {[%emt 0:00:44]} 54. Ke5 {[%emt 0:01:33]} Rh7 {[%emt 0:00:16]} 55. Kf4 {[%emt 0:02:47]} Rh2 {[%emt 0:00:37]} 56. Ra5 {[%emt 0:00:59]} Kxc7 {[%emt 0:00:22]} 57. Rxa7+ {[%emt 0:00:03]} Kb6 {[%emt 0:00:07]} 58. Rf7 {[%emt 0:00:18]} 1/2-1/2

[Event "EYCC Open U14 2018"]
[Site "Riga"]
[Date "2018.08.21"]
[Round "2"]
[White "Tsoi, Dmitry"]
[Black "Kusa, Jakub"]
[Result "1-0"]
[WhiteElo "2393"]
[BlackElo "2070"]
[Annotator "TA"]
[PlyCount "101"]
[EventDate "2018.08.20"]
[EventType "swiss"]
[EventCountry "LAT"]
[SourceTitle "playchess.com"]
[Source "ChessBase"]
[SourceQuality "1"]

{[%evp 26,101,39,25,59,3,33,-20,19,0,0,-14,0,-72,-8,-21,-18,-21,-19,-22,-20,-12,11,-7,0,-14,-5,-25,-18,-43,-43,-31,-30,-49,-62,-63,-39,-50,-20,-22,-31,-17,55,27,29,0,0,-25,18,25,57,38,24,35,53,42,81,89,91,88,90,67,303,302,722,739,737,702,718,710,968,980,927,837,912,897,846,811]} 1. Nf3 d5 2. g3 Bg4 3. Bg2 Nd7 4. O-O Ngf6 5. d3 c6 6. Nbd2 e5 7. e4 dxe4 8. dxe4 Bc5 9. Qe1 O-O 10. h3 Bh5 11. Nc4 Re8 {A07: Réti Opening: New York and Capablanca Systems} 12. a4 Qc7 13. Nh4 Nb6 14. Ne3 {[#] LiveBook: 3 Games} Nfd7 $146 ({Predecessor:} 14... a5 15. Bd2 Nbd7 16. Nc4 b6 17. Kh1 Qd8 18. Nf5 Bg6 19. Nfd6 {1-0 (70) Movsesian,S (2655)-Pinter,J (2550) Austria 2000}) 15. Kh2 (15. a5 $14 Nc8 16. Nef5) 15... f6 16. Nef5 (16. a5 $14 Nc8 17. b4) 16... Bf7 17. Qd1 Kh8 18. Qg4 {[%csl Gf5][%cal Rg4g7] [#]} Bf8 19. b3 (19. a5 $11 Nc4 20. b3) 19... g6 ({Black should play} 19... g5 $17 20. a5 Nc8 21. Bxg5 fxg5 22. Qxg5 Nd6) 20. Ne3 Rad8 21. Bb2 Bg7 22. Rad1 Nf8 23. Rxd8 Qxd8 24. Qe2 Ne6 25. Qe1 Qc7 26. Qa1 Nd7 27. Ng4 h5 28. Ne3 Kh7 29. Rh1 Bh6 30. Qe1 Rg8 31. Ba3 Bf8 32. Bxf8 Ndxf8 33. Qb4 c5 (33... a5 $11 34. Qd2 Nd7) 34. Qc3 Nd4 35. b4 Nd7 36. Rd1 Rc8 37. b5 c4 38. Nf3 Nxf3+ 39. Bxf3 Be6 40. g4 hxg4 41. Bxg4 Nc5 42. Bxe6 Nxe6 43. Ng4 $36 {[%mdl 2048] White has good play.} Kg7 $2 {[#]} (43... Rf8 $1 $14) 44. Qd2 $18 Rh8 $2 (44... Kf8 45. Qh6+ (45. Nxf6 Kf7 $18) 45... Qg7) 45. Qd7+ {White is clearly winning.} Qxd7 46. Rxd7+ {KRN-KRN} Kf8 47. Rxb7 Rh4 48. Kg3 g5 49. Nxf6 Nf4 50. Nh7+ Ke8 51. Nxg5 {Precision: White = 39%, Black = 37%.} 1-0

[Event "EYCC Open U14 2018"]
[Site "Riga"]
[Date "2018.08.21"]
[Round "2"]
[White "Morgunov, Marc"]
[Black "Luczak, Filip"]
[Result "1-0"]
[WhiteElo "2373"]
[BlackElo "2061"]
[Annotator "TA"]
[PlyCount "67"]
[EventDate "2018.08.20"]
[EventType "swiss"]
[EventCountry "LAT"]
[SourceTitle "playchess.com"]
[Source "ChessBase"]
[SourceQuality "1"]

{[%evp 17,67,22,32,16,28,29,31,25,29,34,29,26,46,43,56,46,62,78,81,70,88,52,122,135,139,131,129,127,131,104,104,104,106,100,100,108,200,191,356,350,669,468,634,594,29971,29968,29993,29994,29997,29997,29998,29999]} 1. e4 c5 2. Nf3 e6 3. d4 cxd4 4. Nxd4 Nc6 5. Nb5 d6 6. c4 a6 7. N5c3 Nf6 8. Be2 Be7 9. O-O O-O {LiveBook: 117 Games} 10. a3 {B44: Sicilian: Taimanov: 5 Nb5} (10. Be3 b6 11. Nd2 Ne5 12. f4 Ned7 13. a3 Bb7 14. b4 Rc8 15. Rc1 Qc7 16. Re1 Qb8 17. Bd3 Rfe8 18. Nb3 Bd8 19. Kh1 {1-0 (52) Popov,V (2555)-Grachev,B (2666) St Petersburg 2015}) 10... e5 $146 ({Predecessor:} 10... Qc7 11. Be3 b6 12. Nd2 Qa7 13. f4 Rb8 14. b4 Rd8 15. Rc1 Bb7 16. Bf3 Ba8 17. Rf2 Rd7 {1-0 (32) Bach,A (2273)-Raducanu,A (2104) Amara 2007}) 11. Be3 Be6 12. Nd2 {White is slightly better.} Nd4 13. Bxd4 exd4 14. Nd5 Bxd5 15. exd5 Qb6 16. Rb1 Nd7 17. b4 Qa7 18. Re1 Rae8 19. g3 f5 ({Black should try} 19... Bf6 $14) 20. Bd3 $16 g6 21. Re6 Ne5 22. Qe2 Qb8 23. f4 Nxd3 24. Qxd3 ({Much worse is} 24. Rxe7 $6 Rxe7 25. Qxe7 Re8 $14) 24... Bf6 {[#]} 25. Rbe1 $1 Rxe6 26. Rxe6 Kf7 (26... a5 $16) 27. g4 $18 fxg4 $2 (27... Qc7 28. gxf5 gxf5 29. Qxf5 Kg8) 28. Ne4 $1 {[%csl LRd6,LRf6]} Bg7 $2 (28... Bd8 29. Qxd4 Kg8 30. Nxd6 Qc7) 29. Ng5+ Kg8 {[#]} 30. Nxh7 $1 {[%mdl 512]} Rf7 (30... Kxh7 31. Qxg6+) 31. Qxg6 {White mates.} d3 32. Ng5 d2 33. Qxf7+ Kh8 {[#]} 34. Rh6+ $1 {Precision: White = 91%, Black = 22%.} 1-0

[Event "EYCC Open U14 2018"]
[Site "Riga"]
[Date "2018.08.21"]
[Round "2"]
[White "Kacharava, Nikolozi"]
[Black "Minko, Dmitry"]
[Result "1-0"]
[WhiteElo "2361"]
[BlackElo "2046"]
[Annotator "TA"]
[PlyCount "51"]
[EventDate "2018.08.20"]
[EventType "swiss"]
[EventCountry "LAT"]
[SourceTitle "playchess.com"]
[Source "ChessBase"]
[SourceQuality "1"]

{[%evp 13,51,28,31,22,27,29,6,9,34,-7,-13,-10,-10,-7,0,0,50,59,67,60,130,106,154,-32,223,174,320,310,455,444,735,714,723,707,1429,1454,29994,29995,29998,29999]} 1. e4 {Meyer,CD} e5 2. Nf3 Nc6 3. Bc4 Bc5 4. c3 Nf6 5. d3 d6 6. O-O Bb6 7. a4 a5 {LiveBook: 12 Games. C54: Giuoco Piano: 4 c3 Nf6, main lines with 5 d4 and 5 d3} 8. Bg5 $146 ({Predecessor:} 8. Na3 Ne7 9. Ba2 c6 10. Nc4 Bc7 11. Bg5 Ng6 12. Nh4 Nf4 13. Bxf4 exf4 14. Nf3 O-O 15. e5 dxe5 16. Ncxe5 {1-0 (37) Areshchenko,A (2678)-Granda Zuniga,J (2646) Germany 2016 CBM 176 [Meyer,CD]}) 8... h6 9. Bh4 g5 {[%cal Bg7g5,Bg5h4][%mdl 32] White has an edge.} 10. Bg3 Nh7 11. d4 {[%cal Rd4e5]} h5 {Hoping for ...h4.} 12. dxe5 h4 13. Nxh4 $1 gxh4 14. Qh5 {[%csl Gc4][%cal Rh5f7]} Qg5 ({But not} 14... Qd7 $2 15. e6 $18) 15. Qxf7+ Kd8 16. exd6 cxd6 ({Better is} 16... Bd7 $1 $14 17. Bf4 (17. dxc7+ Bxc7 18. Rd1 Nf8 $16) 17... Qf6) 17. Rd1 $40 {[%mdl 128] White wants a kill.} Bd7 18. Rxd6 $2 (18. Bxd6 $16 h3 19. g3 (19. Bg3 Ne5 $11)) 18... Nf8 $2 {[%mdl 8192]} (18... Nf6 $1 $15 {stays ahead.} 19. Qxf6+ Qxf6 20. Rxf6 hxg3 21. hxg3 Bc5) 19. Bf4 $18 Qe7 {[#]} (19... Qh5 {is a better defense.}) 20. Qd5 $1 {Strongly threatening Bg5.} Kc8 (20... Bc7 $142 21. Bg5 Bxd6) 21. Na3 Nh7 (21... h3 $142 22. g3 Qe8) 22. Rd1 {[%cal Rd6d7]} Rd8 23. e5 {[%cal Be4e5,Be5e6][%mdl 32]} Bg4 24. Rxc6+ Kb8 25. e6+ Ka7 {[#]} 26. Qxa5+ $1 {[%mdl 512] Precision: White = 73%, Black = 25%.} 1-0

[Event "EYCC Open U14 2018"]
[Site "Riga"]
[Date "2018.08.21"]
[Round "2"]
[White "Prydun, Andriy"]
[Black "Bjerre, Jonas Buhl"]
[Result "0-1"]
[WhiteElo "2072"]
[BlackElo "2423"]
[Annotator "TA"]
[PlyCount "63"]
[EventDate "2018.08.20"]
[EventType "swiss"]
[EventCountry "LAT"]
[SourceTitle "playchess.com"]
[Source "ChessBase"]
[SourceQuality "1"]

{[%evp 13,63,-5,2,0,0,0,8,0,27,0,7,0,0,-44,-38,-31,-37,-104,-60,-164,-70,-148,-113,-99,-97,-135,-75,-156,-165,-339,-321,-299,-255,-236,-270,-255,-243,-249,-242,-250,-233,-246,-248,-247,-236,-368,-346,-354,-306,-318,-290,-977]} 1. d4 Nf6 2. c4 e6 3. Nc3 Bb4 4. e3 O-O 5. Bd3 d5 6. Nge2 dxc4 7. Bxc4 e5 {LiveBook: 95 Games} 8. Bd2 {E48: Nimzo-Indian: Rubinstein: 5 Bd3 d5 including 6 Ne2, but excluding 6 a3} (8. a3 Bd6 9. f3 Nc6 10. O-O a6 11. Ba2 b5 12. d5 Ne7 13. Ng3 Nf5 14. Nge4 Nxe4 15. Nxe4 Be7 {½-½ (48) Rakhmanov,A (2670)-Parligras,M (2605) Barcelona 2017}) 8... exd4 $146 ({Predecessor:} 8... Nc6 9. a3 Bd6 10. d5 Ne7 11. e4 Ng6 12. Ng3 Nf4 13. O-O Ng4 14. h3 Nh6 15. Be3 Qh4 {½-½ (30) Kyas,P (2045)-Lick,P (2200) Germany 2015}) 9. Nxd4 Bg4 10. f3 {The position is equal.} Bd7 11. Qe2 a6 12. a4 Bd6 13. g4 Nc6 14. Nxc6 Bxc6 15. O-O-O ({White should play} 15. e4 $15) 15... Qe8 16. h4 {[#]} (16. a5 $15) 16... Nd7 (16... Bxa4 17. Nxa4 Qxa4 18. Bc3 $15) (16... b5 $1 $19 {[%mdl 512]} 17. axb5 axb5 18. Nxb5 Ne4) 17. Bb3 (17. h5 $15) 17... Nc5 18. Bc2 b5 19. b4 {[#]} Nxa4 (19... Nd7 $142 $1 20. Ne4 (20. axb5 $2 axb5 21. Nxb5 Ne5 $19) (20. Qd3 $2 f5 $19) 20... bxa4 21. Nxd6 cxd6) 20. Qd3 (20. h5 $142) 20... g6 $36 {[%mdl 2048] Black is on the roll.} 21. Nd5 $2 (21. Nxa4 {was called for.} bxa4 22. e4) 21... Qe5 $19 {[%csl Ga4][%cal Re5b2]} 22. Bxa4 {Bb3 is the strong threat.} Qxd5 ({Much less strong is} 22... bxa4 23. Bc3 $17) 23. Qxd5 Bxd5 24. e4 Bxe4 25. fxe4 {Hoping for Bb3.} bxa4 26. Kc2 Rab8 27. Ra1 Bxb4 28. Rxa4 a5 29. Bg5 (29. Bxb4 $142 axb4 30. Ra7) 29... Rfe8 30. Kd3 Rb6 {Strongly threatening ...Rd6+.} 31. Bf4 Rc6 32. Kd4 $2 {Precision: White = 23%, Black = 54%.} (32. Rc1 Rd8+ 33. Ke2 Rxc1 34. Bxc1) 0-1

[Event "EYCC Open U14 2018"]
[Site "Riga"]
[Date "2018.08.21"]
[Round "2"]
[White "Wartiovaara, Oliver"]
[Black "Makarian, Rudik"]
[Result "1/2-1/2"]
[WhiteElo "2067"]
[BlackElo "2378"]
[Annotator "TA"]
[PlyCount "80"]
[EventDate "2018.08.20"]
[EventType "swiss"]
[EventCountry "LAT"]
[SourceTitle "playchess.com"]
[Source "ChessBase"]
[SourceQuality "1"]

{[%evp 20,80,87,57,93,68,86,79,76,27,129,103,106,113,167,59,159,178,157,151,154,136,155,140,178,177,183,177,140,151,276,0,0,0,181,0,0,0,0,0,0,-403,276,289,272,-308,0,0,0,0,0,0,0,0,639,645,582,187,788,0,550,0,696]} 1. d4 Nf6 2. c4 g6 3. g3 Bg7 4. Bg2 O-O 5. Nc3 d6 6. Nf3 c6 7. O-O Qa5 8. e4 Bg4 9. h3 Bxf3 10. Bxf3 Nfd7 11. Be3 {LiveBook: 104 Games. E62: King's Indian: Fianchetto: 6...c6 and Panno Variation (6...Nc6) without ...a6} Na6 (11... c5 12. dxc5 dxc5 13. e5 Qc7 14. Nd5 Qd8 15. e6 fxe6 16. Nf4 Qb6 17. Bg4 Rf6 18. b4 Qc6 19. b5 Qc8 {0-1 (74) Erdos,V (2634)-Mamedyarov,S (2747) Caleta 2012 CBM 147 [Krasenkow,M]}) 12. a3 Nc7 $146 ({Predecessor:} 12... Qd8 13. Rc1 e5 14. b4 exd4 15. Bxd4 Ne5 16. Be2 c5 17. Be3 cxb4 18. axb4 Nxb4 {½-½ (45) Ersahin,B (2196)-Bal,E (1821) Konya 2014}) 13. Be2 {White is better.} Ne6 14. d5 Nd8 (14... Nec5 $11 {remains equal.}) 15. b4 Qc7 16. Rc1 f5 (16... a5 $16) 17. Qd2 ({Better is} 17. exf5 $18 Rxf5 18. Qb3) 17... Nf7 (17... Bxc3 $1 $14 18. Qxc3 fxe4) 18. exf5 $16 gxf5 19. f4 a5 20. g4 axb4 21. axb4 c5 22. Nb5 (22. gxf5 $6 cxb4 23. Nb5 Qc8 $14) 22... Qc8 23. Bd3 fxg4 24. hxg4 cxb4 (24... Nh6 $16 {was necessary.}) 25. Qh2 $2 ({Inferior is} 25. Qxb4 Nh6 $17) (25. Bf5 $18) 25... Nh6 $1 $11 26. g5 Nf5 $2 (26... Nc5 $11 {and Black stays safe.} 27. Bxc5 (27. gxh6 Nxd3 28. hxg7 Rf7 $15) 27... Qxc5+ 28. Kh1 Qe3) 27. Nd4 $2 (27. Qh3 $1 $18 Nc5 28. Bxc5 dxc5 29. Rce1) 27... Bxd4 28. Bxd4 Nc5 $1 {[%cal Rc5d3]} 29. Bb1 $1 $40 {[%mdl 128] Hoping for Rce1. White mounts an attack.} Ra3 (29... Nb3 $5 30. g6 $8 hxg6 31. Qh8+ Kf7 32. Qh7+ Ke8 33. Qxg6+ Rf7 34. Qg8+ Rf8 35. Qg6+ Rf7 36. Qg8+ Rf8 37. Qg6+ $11) 30. Rce1 $2 {[%mdl 8192] [#]} (30. Qh5 $1 $11 {and White has nothing to worry.}) 30... Rg3+ $4 {[%mdl 8192]} (30... Nd3 $1 $19 {avoids the disaster.} 31. g6 h6 32. Bxd3 Rxd3) 31. Kh1 $18 {Rxe7 is the strong threat.} Nd3 32. g6 $4 {[%mdl 8192] [#]} (32. Rxe7 $1 $18 {is the narrow road to win.} Nxe7 33. Qxg3) 32... Rxg6 $2 (32... h6 $1 $19 33. Bf2 Rf3 34. Bxd3 Rxd3) 33. Bxd3 $11 {Threatens to win with Rg1.} Ng3+ 34. Kg1 Ne4+ 35. Kh1 Ng3+ 36. Kg1 Rf5 $2 {[%mdl 8192]} (36... Ne4+ $11 37. Kh1 Ng3+) 37. Re6 $18 ({Stronger than} 37. Rxe7 Ne4+ 38. Kh1 Ng3+ 39. Kg1 Rh5 $11) 37... Ne2+ 38. Kh1 $2 (38. Kf2 Nxd4 39. Rxe7) 38... Ng3+ $2 (38... Rh5 39. Rxe2 Rxh2+ 40. Rxh2 Rg3) 39. Kg1 {Intending Rxg6+ and mate.} Ne2+ $1 40. Kh1 Ng3+ {[%mdl 32768] Precision: White = 37%, Black = 29%. . An unexpected result.} 1/2-1/2

[Event "EYCC Open U14 2018"]
[Site "Riga"]
[Date "2018.08.21"]
[Round "2"]
[White "Poznyak, Nazar"]
[Black "Oglaza, Oskar"]
[Result "0-1"]
[WhiteElo "2057"]
[BlackElo "2364"]
[Annotator "TA"]
[PlyCount "64"]
[EventDate "2018.08.20"]
[EventType "swiss"]
[EventCountry "LAT"]
[SourceTitle "playchess.com"]
[Source "ChessBase"]
[SourceQuality "1"]

{[%evp 13,64,20,19,0,17,-8,0,-43,-42,-45,-36,-45,-10,-47,-24,-11,-15,-114,-108,-116,-101,-97,-104,-79,-34,-30,-28,-62,0,-76,-62,-59,-52,-50,-62,-52,-69,-63,-51,-39,-25,-130,-109,-160,-169,-145,-145,-133,-137,-200,-218,-207,-180]} 1. d4 Nf6 2. c4 e6 3. Nf3 Bb4+ 4. Bd2 Qe7 5. g3 Bxd2+ 6. Qxd2 Nc6 {E11: Bogo-Indian} (6... d5 7. Bg2 O-O 8. O-O Rd8 9. Na3 c6 10. Rac1 Nbd7 11. Rfd1 a5 12. Ne5 Nf8 13. Nb1 Ne8 14. Qc2 f6 15. Nf3 Nd6 16. Nbd2 {½-½ (30) Krasenkow,M (2671)-Korobov,A (2652) Wijk aan Zee 2018}) 7. Nc3 d5 {LiveBook: 215 Games} 8. Rc1 O-O {The position is equal.} 9. Bg2 dxc4 10. O-O Rd8 11. Rfd1 Rb8 $146 ({Predecessor:} 11... Nd7 12. e4 Nb6 13. Qf4 h6 14. Nb5 Bd7 15. Qxc7 Rac8 16. Qf4 Be8 {½-½ (16) Volodin,A (2482)-Usmanov,V (2455) St Petersburg 2017}) 12. Qg5 Nd5 (12... b5 $5) 13. Qh5 b5 {[%cal Bb7b5,Bb5b4][%mdl 32]} 14. Ng5 h6 15. Nge4 (15. Nxe6 $1 $11 Nxc3 16. Nxd8 Nxe2+ 17. Kf1 Ncxd4 18. Nc6 Nxc6 19. Qxe2 Qxe2+ 20. Kxe2 Bg4+ 21. f3) 15... b4 $17 16. Na4 Ba6 17. Nac5 Bb5 {Threatens to win with ...f5.} 18. e3 Na5 19. g4 f6 20. Qh3 Bc6 ({Better is} 20... Rb6 $15) 21. Bf1 (21. g5 $11) 21... e5 22. dxe5 Qxe5 23. Bxc4 Nxc4 24. Rxc4 Nb6 25. Rcd4 Rxd4 26. exd4 Qd5 27. b3 (27. Qb3 $1 $11) 27... Nd7 {[#] White must now prevent ...Nxc5.} 28. f3 (28. Qh5 $142 Qxh5 29. gxh5) 28... Nxc5 {Black is clearly better.} 29. Nxc5 Qxf3 30. Qxf3 Bxf3 31. Re1 (31. Rd2 $17) 31... Bxg4 $19 32. Re7 Rd8 {Precision: White = 29%, Black = 58%.} 0-1

[Event "EYCC Open U14 2018"]
[Site "Riga"]
[Date "2018.08.21"]
[Round "2"]
[White "Vojta, Jakub"]
[Black "Pogosyan, Stefan"]
[Result "0-1"]
[WhiteElo "2045"]
[BlackElo "2331"]
[Annotator "TA"]
[PlyCount "72"]
[EventDate "2018.08.20"]
[EventType "swiss"]
[EventCountry "LAT"]
[SourceTitle "playchess.com"]
[Source "ChessBase"]
[SourceQuality "1"]

{[%evp 19,72,24,58,22,41,22,28,24,34,21,22,21,21,21,21,6,47,-127,-4,-95,-108,-104,-44,-49,-49,-54,-45,-117,-119,-151,-136,-210,-206,-236,-227,-289,-305,-277,-243,-314,-229,-326,-262,-258,-263,-305,-260,-261,-263,-271,-262,-581,-577,-1065,-1054]} 1. e4 c5 2. Nf3 e6 3. c4 Nc6 4. Be2 Nf6 5. Nc3 Be7 6. O-O O-O 7. d4 cxd4 8. Nxd4 Qc7 9. Be3 a6 10. Qd2 d6 {LiveBook: 8 Games} 11. f4 {B54: Sicilian: 2...d6 3 d4 cxd4 4 Nxd4, Unusual Lines} (11. Rac1 Ne5 12. h3 b6 13. f4 Ned7 14. b4 Bb7 15. Bd3 Rfe8 16. Qf2 Rac8 17. Nf3 Bd8 18. Qg3 Qb8 19. e5 Nh5 20. Qg4 g6 21. Ng5 {½-½ (21) Sousa,A (2386)-Dias,I (2186) Vila Nova de Gaia 2017}) 11... Nxd4 12. Bxd4 e5 13. Be3 {White has an edge.} exf4 14. Rxf4 $146 ({Predecessor:} 14. Bxf4 Be6 15. Rac1 Rfe8 16. b3 Nd7 17. Rfd1 Ne5 18. Nd5 Bxd5 19. cxd5 {0-1 (58) Turtiainen,T (1954)-Riihimaki,P (1963) Naantali 2013}) 14... Be6 15. Raf1 Nd7 16. Nd5 Bxd5 17. Qxd5 {[%cal Rf4f7]} Bf6 18. Rg4 $2 {[#]} (18. Qh5 $1 $14 {stays ahead.}) 18... Be5 (18... Bxb2 $17 19. Rb1 Be5) 19. Rg5 (19. Rh4 $11) 19... Nf6 $17 20. Qd3 Bxb2 (20... Rfe8 $17 21. Kh1 Bxb2) 21. Bd4 $1 $15 Bxd4+ 22. Qxd4 {[#] Black must now prevent Rxf6.} Ne8 23. Bg4 ({White should try} 23. c5 $15) 23... Qe7 $36 {[%mdl 2048] Black has strong initiative.} 24. Qe3 Nf6 {Threatens to win with ...h6.} 25. Bf5 (25. Bd1 $17) 25... Rae8 26. Qc3 g6 27. Qd3 Nxe4 28. Rg4 {[%cal Rf5e4]} Nc5 29. Qd5 Kg7 30. h4 (30. Qd4+ $142 Qe5 31. Qf2) 30... Qe5 31. Qd1 Kh8 32. Bb1 f5 33. Rd4 Rf6 34. Rd5 Qe3+ 35. Kh1 $2 (35. Kh2 {is tougher.}) 35... Ne4 $19 36. Bxe4 Rxe4 {Precision: White = 27%, Black = 59%.} 0-1